| 000 | 00749nam a2200253 4500 | ||
|---|---|---|---|
| 999 |
_c9338 _d9338 |
||
| 001 | 9338 | ||
| 003 | BD-JhCC | ||
| 005 | 20180320085941.0 | ||
| 008 | 680301s1968 enkabcf b 000 0 eng | ||
| 035 | _a(BD-JhCC)9338 | ||
| 040 |
_aDLC _cDLC _dDLC _dBD-JhCC |
||
| 041 | _aeng | ||
| 050 | 0 | 0 |
_aDS35 _b.K45 |
| 082 | 0 | 0 |
_a320.1/58/095 _bKEN 1968 |
| 100 | 1 |
_aKennedy, Joseph, _d1919- |
|
| 245 | 1 | 0 |
_aAsian nationalism in the twentieth century / _c[by] J. Kennedy. |
| 260 |
_aLondon, _aMelbourne [etc.] _bMacmillan; _aNew York, _bSt. Martin's P., _c1968. |
||
| 300 |
_a[x], 244 p. _b8 plates, illus., map, ports. _c23 cm. |
||
| 350 | _a42/- | ||
| 504 | _aBibliography: p. [229]-235. | ||
| 650 | 0 |
_aNationalism _zAsia. |
|
| 942 |
_2ddc _cBK |
||